400m Mens Olympic Olympic Medallists - Statistics

General Stats
  • This quiz has been taken 36 times
    18 since last reset
  • The average score is 5 of 30
Answer Stats
Year Nation Time Name % Correct
1996 United States 43.49 Michael Johnson
88%
2000 United States 43.84 Michael Johnson
88%
2012 Grenada 43.94 Kirani James
63%
2024 United States 43.40 Quincy Hall
44%
1988 United States 43.87 Steve Lewis
31%
2020 Bahamas 43.85 Steven Gardiner
31%
2004 United States 44.00 Jeremy Wariner
25%
1976 Cuba 44.26 Alberto Juantorena
19%
2016 South Africa 43.03 Wayde van Nierkerk
19%
2008 United States 43.75 LaShawn Merritt
13%
1992 United States 43.50 Quincy Watts
13%
1984 United States 44.27 Alonzo Babers
6%
1936 United States 46.50 Archie Williams
6%
1924 Great Britain 47.60 Eric Liddell
6%
1948 Jamaica 46.20 Arthur Wint
0%
1920 South Africa 49.60 Bevil Rudd
0%
1932 United States 46.28 Bill Carr
0%
1912 United States 48.20 Charles Redpath
0%
1956 United States 46.70 Charlie Jenkins
0%
1952 Jamaica 46.09 George Rhoden
0%
1904 United States 49.20 Harry Hillman
0%
1968 United States 43.86 Lee Evans
0%
1900 United States 49.40 Maxie Long
0%
1964 United States 45.10 Mike Larrabee
0%
1960 United States 45.07 Otis Davis
0%
1928 United States 47.80 Ray Barbuti
0%
1896 United States 54.20 Thomas Burke
0%
1980 Soviet Union 44.60 Viktor Markin
0%
1972 United States 44.66 Vince Matthews
0%
1908 Great Britain 50.00 Wyndham Halswelle
0%
No matching quizzes found
Score Distribution
Percent of People with Each Score
Percentile by Number Answered
Your Score History
You have not taken this quiz since the last reset